| 000 | 00708nam a2200289Ia 4500 | ||
|---|---|---|---|
| 005 | 20260324141327.0 | ||
| 008 | 008 260324s9999 xx 000 0 eng d | ||
| 020 | _a9781315067063 | ||
| 037 | _aEBOOK | ||
| 040 | _aCRL | ||
| 040 | _beng | ||
| 040 | _cCRL | ||
| 041 | _2eng | ||
| 041 | _aeng | ||
| 084 | _qCRL | ||
| 100 |
_aTony German; Judith Randel _91207783 |
||
| 245 | 4 | _aThe Reality of Aid 1997-1998 | |
| 245 | 3 | _bAn independent review of development cooperation | |
| 260 | _bTaylor and Francis | ||
| 260 | _c1997 | ||
| 365 | _a | ||
| 365 | _b145 | ||
| 856 | _uhttp://www.taylorfrancis.com/books/9781315067063 | ||
| 942 | _cEBOOK | ||
| 999 |
_c1810742 _d1810742 |
||